Vyavsay vikas (Com-I) (Business Development) FYBCom (Record no. 825242)

MARC details
000 -LEADER
fixed length control field 00609nam a2200217Ia 4500
008 - FIXED-LENGTH DATA ELEMENTS--GENERAL INFORMATION
fixed length control field 101110s9999 xx 000 0 und d
041 ## - LANGUAGE CODE
Language code of text/sound track or separate title MARATHI
082 ## - DEWEY DECIMAL CLASSIFICATION NUMBER
Item number SR32741
100 ## - MAIN ENTRY--PERSONAL NAME
Personal name Liman M.S., Rawrekar D.P.
245 ## - TITLE STATEMENT
Title Vyavsay vikas (Com-I) (Business Development) FYBCom
260 ## - PUBLICATION, DISTRIBUTION, ETC. (IMPRINT)
Date of publication, distribution, etc 2009
Name of publisher, distributor, etc Sheth Prakashan, Mumbai
300 ## - PHYSICAL DESCRIPTION
Extent 210
365 ## - TRADE PRICE
Price amount 70
520 ## - SUMMARY, ETC.
Summary, etc Commerce
546 ## - LANGUAGE NOTE
Language note MARATHI
630 ## - SUBJECT ADDED ENTRY--UNIFORM TITLE
Uniform title Vyavsay vikas (Com-I) (Business Development) FYBCom
650 ## - SUBJECT ADDED ENTRY--TOPICAL TERM
Topical term or geographic name as entry element Commerce
655 ## - INDEX TERM--GENRE/FORM
Genre/form data or focus term Commerce
730 ## - ADDED ENTRY--UNIFORM TITLE
Uniform title Vyavsay vikas (Com-I) (Business Development) FYBCom
942 ## - ADDED ENTRY ELEMENTS (KOHA)
Koha item type Book
Holdings
Withdrawn status Lost status Damaged status Not for loan Home library Current library Date acquired Source of acquisition Cost, normal purchase price Shelving control number Total Checkouts Barcode Date last seen Price effective from Koha item type
        D. B. J. College, Chiplun D. B. J. College, Chiplun   Pratham book & Stationary, Mumbai, bill no.135, dt.16/10/09 70.00     DBJSR32741 11/11/2010 11/11/2010 Book